000 00735nab a2200193 4500
001 244442
003 OSt
005 20250728094343.0
007 tu
008 200917s2020|||||||
040 _aDE-2950
_cDE-2950
245 0 0 _aDie erste Frau im Magistrats-Kollegium
_bStadtgeschichte. Mit Marie Joachimi-Dege bekleidete ab 1922 erstmals eine Frau ein Amt in der Stadtspitze von Frankfurt (Oder). Als Stadtrat war sie unter anderem für Kindergärten und Schulspeisung zuständig/
_cRalf-Rüdiger Targiel
264 _c2024
653 _aFrankfurt (Oder)
653 _aStadtgeschichte
653 _aMarie Joachimi-Dege
773 0 _g36. Jahrgang (2025) Nr. 110 vom 25.07.2025, S. 15 mit Foto
_tMärkische Oderzeitung
942 _2z
_cA
999 _c373916
_d373916